000 01401nam a22002657a 4500
003 OSt
005 20180116192409.0
008 120718t 2003xxu||||| |||| 00| 0 eng d
020 _a1864701102
020 _a9781864701104
040 _c0
082 _a725.51
100 _95636
110 1 _aImages Publishing Group.
_95660
245 _aHealth spaces Of The World
_bA pictorial review.
_cImages Publishing Group.
_hVol .2
260 _aVictoria :
_bImages Publishing Dist Ac,
_c2003.
300 _a224 p. :
_bill ;
_c31 cm.
440 1 _aInternational spaces.
_95637
520 _aNew designs for health facilities are in constant demand. The Health Spaces Series features projects that are considered to be among the best designs of our time for the modern health industry. Projects from around the world have been featured. Chapters focus on hospital spaces, day clinics, assisted accommodation, rehabilitation, pediatrics, day spa and relaxation centers, among others. In full colour with descriptive captions, this book will prove a major tool and directory to commissioning agents, architects and designers involved in the trillion-dollar health industry.
650 _aArchitecture, Modern
_95638
650 _aRehabilitation.
_95639
650 _aHealth facilities
_xDesign and construction
_95640
942 _2ddc
_cBK
999 _c353499
_d353499